The application of JIT philosophy to construction: a case study in site layout. (Record no. 60167)

MARC details
000 -LEADER
fixed length control field 01044cam a2200253 4500
001 - CONTROL NUMBER
control field ABS61451
008 - FIXED-LENGTH DATA ELEMENTS--GENERAL INFORMATION
fixed length control field 000000n1999 000 0 eng u
035 ## - SYSTEM CONTROL NUMBER
System control number (Sirsi) u100573
100 ## - MAIN ENTRY--PERSONAL NAME
Personal name Pheng, L.S.
245 #4 - TITLE STATEMENT
Title The application of JIT philosophy to construction: a case study in site layout.
260 ## - PUBLICATION, DISTRIBUTION, ETC.
Date of publication, distribution, etc. 1999
490 ## - SERIES STATEMENT
Series statement Construction Management and Economics
Volume/sequential designation 17(5) September 1999, 657-668(12)
520 ## - SUMMARY, ETC.
Summary, etc. The just-in-time (JIT) philosophy has been used in the manufacturing industry for about fifty years. Recent case studies in the construction industry have tried to see how JIT can benefit the industry. This study looks at applying JIT principles for site layout to improve productivity and quality to achieve a smoothly running work flow.
590 ## - LOCAL NOTE (RLIN)
Local note ABS
650 ## - SUBJECT ADDED ENTRY--TOPICAL TERM
Topical term or geographic name entry element JUST-IN-TIME
650 ## - SUBJECT ADDED ENTRY--TOPICAL TERM
Topical term or geographic name entry element CONSTRUCTION MANAGEMENT
9 (RLIN) 6230
650 ## - SUBJECT ADDED ENTRY--TOPICAL TERM
Topical term or geographic name entry element PRODUCTIVITY
650 ## - SUBJECT ADDED ENTRY--TOPICAL TERM
Topical term or geographic name entry element WASTE MANAGEMENT
650 ## - SUBJECT ADDED ENTRY--TOPICAL TERM
Topical term or geographic name entry element SITE LAYOUT
650 ## - SUBJECT ADDED ENTRY--TOPICAL TERM
Topical term or geographic name entry element QUALITY
690 ## - LOCAL SUBJECT ADDED ENTRY--TOPICAL TERM (OCLC, RLIN)
Topical term or geographic name as entry element Project management
9 (RLIN) 6261
700 ## - ADDED ENTRY--PERSONAL NAME
Personal name Hui, M.S.
942 ## - ADDED ENTRY ELEMENTS (KOHA)
Suppress in OPAC 0
Holdings
Withdrawn status Lost status Source of classification or shelving scheme Damaged status Not for loan Home library Current library Shelving location Date acquired Total Checkouts Full call number Barcode Date last seen Copy number Price effective from Koha item type
    Dewey Decimal Classification     London London Journal article 19/10/1999   ABS61451 100573-1001 06/08/2019 1 06/08/2019 Journal article